000 00894nam a22001817a 4500
008 180212b xxu||||| |||| 00| 0 eng d
020 _a9780199298143
050 _aRB127.O94
245 _aOxford handbook of pain management. /
_cedited by Peter Brook, Jayne Connell and Tony Pickering
260 _aNew York:
_bOxford University Press,
_c2011.
300 _axviii, 366p.:
_bills.;
_c19cm
500 _aIncludes index.
505 _aContents: Acute pain: Basic principles of acute pain -- General pain management techniques -- Specific clinical situations -- Chronic pain: Basic principles of chronic pain -- Pharmacological therapies -- Interventional therapies -- Neuromodulation -- Surgical techniques -- Physical therapies -- Psychological therapy -- Specific clinical situations.
700 _aBROOK, Peter
700 _aCONNELL, Jayne
700 _aPICKERING, Tony
942 _2lcc
_cBK
999 _c6526
_d14026